| 000 | 01058nas a2200337 4500 | ||
|---|---|---|---|
| 001 | BR0304923 | ||
| 003 | BR-BrBNA | ||
| 005 | 20231205104122.0 | ||
| 007 | ta | ||
| 008 | 230509b bl.|||p| |||| 00| 00por d | ||
| 040 |
_aBR-BrBNA _bpor _cBiblioteca Nacional de Agricultura |
||
| 041 | _a(Pt) | ||
| 072 | _aL74 | ||
| 100 | 1 | _aGuimarães, E.B. | |
| 100 | 1 | _aVasconcelos, A.C. | |
| 100 | 1 | _aMartins, N.R.S. | |
| 100 | 1 | _aOliveira, R.F.M. | |
| 100 | 1 | _aMoro, L. | |
| 100 | 1 | _aNunes, J.E.S. | |
| 100 | 1 | _aSantos, F.G.A. | |
| 245 | 1 | _aPorcentagem de parênquima e índice apoptótico da bolsa cloacal em frangos de corte em ambiente de conforto e estresse térmico | |
| 650 | _aFRANGO DE CORTE | ||
| 650 | _aPARENQUIMA | ||
| 650 | _aBOLSA CLOACAL | ||
| 650 | _aBOLSA DE FABRÍCIUS | ||
| 650 | _aTEMPERATURA | ||
| 650 | _aSTRESS | ||
| 773 | 0 |
_tArquivo Brasileiro de Medicina Veterinária e Zootecnia (Brazil) _xISSN 0102-0935 _g(Apr 2003), v. 55(2) p. 178-186 _wBR0304923 |
|
| 909 |
_a202311 _bLúcia _c55 _dLúcia Elande |
||
| 942 |
_2AGRIS _n0 _cANA |
||
| 999 |
_c176471 _d176471 |
||